00323nam a2200097Ia 4500008004100000245006600041245004000107260000900147650002100156856004800177171204s9999 xx 000 0 und d 4aThe Wiley Handbook on the Cognitive Neuroscience of Learning: cRobert C. Honey and Robin A. Murphy c2016 xNEURO PSYCHOLOGY uhttp://down.ebook777.com/044/1118650948.pdf